Loading...
| History - American | 0 | 6 | 1 | 2 | 55 | 51 | 105.00 | 1 | 3 | 0.00 | 0.00 |
| Social Science | 0 | 5 | 0 | 0 | 50 | 36 | 62.80 | 3 | 4 | 0.00 | 0.00 |
| Literature - World | 0 | 5 | 1 | 0 | 45 | 110 | 132.00 | 0 | 2 | 0.00 | 0.00 |
| Literature - American | 0 | 5 | 1 | 1 | 45 | 98 | 121.40 | 0 | 2 | 0.00 | 0.00 |
| Philosophy | 0 | 4 | 0 | 0 | 40 | 61 | 94.75 | 0 | 2 | 0.00 | 0.00 |
| Literature - British | 0 | 4 | 1 | 0 | 35 | 98 | 117.50 | 0 | 1 | 0.00 | 0.00 |
| Fine Arts - Other | 0 | 4 | 2 | 1 | 30 | 49 | 112.00 | 0 | 1 | 0.00 | 0.00 |
| Fine Arts - Classical Music | 0 | 2 | 0 | 0 | 20 | 112 | 122.50 | 0 | 0 | 0.00 | 0.00 |
| Fine Arts - Painting and Sculpture | 0 | 2 | 0 | 0 | 20 | 98 | 126.50 | 0 | 0 | 0.00 | 0.00 |
| Literature - European | 0 | 2 | 0 | 0 | 20 | 138 | 139.00 | 0 | 0 | 0.00 | 0.00 |
| Other Academic | 0 | 1 | 0 | 0 | 10 | 80 | 80.00 | 0 | 1 | 0.00 | 0.00 |
| Mythology | 0 | 1 | 0 | 0 | 10 | 104 | 104.00 | 0 | 0 | 0.00 | 0.00 |
| Pop Culture | 0 | 1 | 0 | 0 | 10 | 74 | 74.00 | 0 | 0 | 0.00 | 0.00 |
| Science - Biology | 0 | 1 | 0 | 0 | 10 | 119 | 119.00 | 0 | 0 | 0.00 | 0.00 |
| Science - Other | 0 | 1 | 0 | 0 | 10 | 77 | 77.00 | 0 | 1 | 0.00 | 0.00 |
| Science - Physics | 0 | 1 | 1 | 0 | 5 | 101 | 101.00 | 0 | 0 | 0.00 | 0.00 |
| Religion | 0 | 0 | 0 | 0 | 0 | 0.00 | 0 | 0 | 0.00 | 0.00 | |
| Science - Chemistry | 0 | 0 | 1 | 0 | -5 | 0.00 | 0 | 0 | 0.00 | 0.00 | |
| History - World | 0 | 0 | 1 | 0 | -5 | 0.00 | 0 | 0 | 0.00 | 0.00 |